| 000 | 00685cam a2200217 i 4500 | ||
|---|---|---|---|
| 005 | 20251113113757.0 | ||
| 008 | 250721s1999 sy gr 000 0 ara d | ||
| 020 | _a1575476592 | ||
| 082 | 1 | 4 |
_a201.1 _bق ص ا |
| 100 | 1 |
_aقصاب، محمد عصام _eمؤلف. |
|
| 245 | 1 | 2 |
_aالبحث عن الحقيقة الكبرى / _cالمهندس عصام قصاب. |
| 250 | _aالطبعة الأولى. | ||
| 264 | 3 | 1 |
_aدمشق : _bدار الفكر، _c1999. |
| 300 | _a432 صفحة. | ||
| 650 | 1 | 7 | _aالإيمان. |
| 650 | 1 | 7 | _aالإلحاد. |
| 650 | 1 | 7 | _aالله. |
| 650 | 1 | 7 | _aالديانات القديمة. |
| 942 |
_2ddc _cBK |
||
| 999 |
_c85887 _d85887 |
||